BIBLIOTECA “JULIO CORTÁZAR”
ESCUELA AGROTÉCNICA “LIBERTADOR GENERAL SAN MARTÍN” - UNR – CASILDA

Logo Escuela Logo UNR

Antología y Comentarios de Textos / (Record no. 581)

MARC details
000 -LEADER
campo de control de longitud fija 00894nam#a22003255a#4500
001 - NÚMERO DE CONTROL
campo de control 581
008 - DATOS DE LONGITUD FIJA--INFORMACIÓN GENERAL
campo de control de longitud fija 070802s1962####ag#####g######|01#0dspa||
080 ## - NÚMERO DE LA CLASIFICACIÓN DECIMAL UNIVERSAL
Número de la Clasificación Decimal Universal 82-82
084 ## - OTRO NÚMERO DE CLASIFICACIÓN
Número de clasificación L14
005 - FECHA Y HORA DE LA ÚLTIMA TRANSACCIÓN
campo de control 20241107184640.0
003 - IDENTIFICADOR DE NÚMERO DE CONTROL
campo de control AR-ClEAG
100 1# - ENTRADA PRINCIPAL--NOMBRE DE PERSONA
Nombre de persona María Hortencia, Lacau.
245 10 - MENCIÓN DEL TÍTULO
Título Antología y Comentarios de Textos /
Mención de responsabilidad, etc. Lacau María Hortencia, María de Luján Puglia.
250 ## - MENCION DE EDICION
Mención de edición 1ª ed.
260 ## - PUBLICACIÓN, DISTRIBUCIÓN, ETC.
Lugar de publicación, distribución, etc. Buenos Aires :
Nombre del editor, distribuidor, etc. Kapelusz,
Fecha de publicación, distribución, etc. 1962.
300 ## - DESCRIPCIÓN FÍSICA
Extensión 113 p. ;
Dimensiones 20 cm.
653 ## - TÉRMINO DE INDIZACIÓN--NO CONTROLADO
Término no controlado Cuentos
653 ## - TÉRMINO DE INDIZACIÓN--NO CONTROLADO
Término no controlado Narraciones humorísticas
653 ## - TÉRMINO DE INDIZACIÓN--NO CONTROLADO
Término no controlado Posías infantiles
653 ## - TÉRMINO DE INDIZACIÓN--NO CONTROLADO
Término no controlado Retratos físicos y mentales
653 ## - TÉRMINO DE INDIZACIÓN--NO CONTROLADO
Término no controlado Evocaciones
653 ## - TÉRMINO DE INDIZACIÓN--NO CONTROLADO
Término no controlado Descripciones de objetos
653 ## - TÉRMINO DE INDIZACIÓN--NO CONTROLADO
Término no controlado Relatos de hechos
653 ## - TÉRMINO DE INDIZACIÓN--NO CONTROLADO
Término no controlado Críticas de costumbres
653 ## - TÉRMINO DE INDIZACIÓN--NO CONTROLADO
Término no controlado Estados de ánimo
653 ## - TÉRMINO DE INDIZACIÓN--NO CONTROLADO
Término no controlado Memorias
653 ## - TÉRMINO DE INDIZACIÓN--NO CONTROLADO
Término no controlado Cartas
700 1# - ENTRADA AGREGADA--NOMBRE PERSONAL
Nombre de persona Puglia, María de Luján.
942 ## - ELEMENTOS DE ENTRADA SECUNDARIOS (KOHA)
Tipo de ítem Koha Libros
980 ## - EQUIVALENCIA O REFERENCIA-CRUZADA-MENCIÓN DE SERIE--NOMBRE DE PERSONA/TÍTULO [LOCAL, CANADÁ]
Enlace 2
Nombre de persona Evangelina Gallicchio
Enlace entre campo y número de secuencia 2
Información miscelánea Evangelina Gallicchio
Holdings
Estatus retirado Estado de pérdida Fuente del sistema de clasificación o colocación Estado de daño No para préstamo Biblioteca de origen Biblioteca actual Ubicación en estantería Fecha de adquisición Número de inventario Total de préstamos Signatura topográfica completa Código de barras Visto por última vez Precio de reemplazo Tipo de ítem Koha
    Clasificación decimal universal     Julio Cortázar Julio Cortázar   07/11/2024 695   R7 82-82 L14 1 Ej.1 695 07/11/2024 07/11/2024 Libros

Contacto

Biblioteca Julio Cortázar. Escuela Agrotécnica "Libertador San Martín". Universidad Nacional de Rosario
Dirección: Ov. Lagos 1000 - 2170 Casilda - Santa Fe - Argentina
Tel: (54) (03464) 422226.
Fax: (54) (03464) 427789.
E-Mail: biblio-eac@unr.edu.ar